| 000 | 00506cam a2200181ua 4500 | ||
|---|---|---|---|
| 001 | 6751 | ||
| 008 | 140305n ii |||gr||||Z||||||asm | ||
| 040 | _cMAIN | ||
| 082 | _a519.5 | ||
| 245 |
_aPrarambhik parisankhya bigyan _cBy Lobananda Choudhury |
||
| 250 | _a2nd ed. | ||
| 260 |
_aNew delhi: _bHorizon publishing house, _c1988. |
||
| 300 | _ax,371p. | ||
| 653 | _aProbabilities & applied mathematics | ||
| 653 | _aPrarambhik parisankhya bigyan | ||
| 700 |
_aChoudhury,Lobananda, _eAuthor. |
||
| 942 | _cBK | ||
| 999 |
_c5899 _d5899 |
||